000 00316nam a2200133Ia 4500
008 230524s9999 xx 000 0 und d
020 _a9789393165091
245 0 _aGATE 2023 - Civil Engineering
250 _a1
260 _aNew Delhi
_bMade Easy
300 _a835p;
500 _aQuantity Number: 2
942 _cBK
999 _c60734
_d60734